Statistics for Sweatiest fifa cards

Click here to take the quiz!

General Stats

  • This quiz has been taken 22 times
  • The average score is 6 of 15

Answer Stats

FifaAnswer% Correct
15Doumbia
72%
15Gervinho
67%
21Mendy
67%
21Varane
67%
20Ben Yedder
61%
21Gomez
50%
18Butland
33%
18Smalling
28%
18Bailly
22%
17Dembele
22%
20Kent
22%
13Emenike
17%
13Esswein
17%
20Atal
6%
15Ibarro
6%

Score Distribution

Percentile by Number Answered

Percent of People with Each Score

Your Score History

You have not taken this quiz